000 01251nam a2200241 4500
008 050415s1989 mnu 001 0 eng
020 _a0814615031 : Php250.00
090 _aBX2035.6
_bF96
110 2 _aCatholic Church.
245 1 0 _aOrder of Christian funerals :
_bvigil service : evening prayer /
_cprepared by International Commission on English in the Liturgy, a joint commission of Catholic Bishops' Conferences.
250 _aLeader's ed.
260 _aMinnesota :
_bLiturgical Press,
_c1989.
300 _av, 123 p.
500 _a"Approved for use in the dioceses of the United States of America by the National Conference of Catholic Bishops, and confirmed by the Apostolic See."
500 _aIncludes index.
610 2 4 _aCatholic Church
_xLiturgy
_xTexts.
610 2 4 _aCatholic Church.
_tOrder of Christian funerals
_xLiturgy
_xTexts.
650 4 _aFuneral service
_xCatholic Church
_xLiturgy
_xTexts.
710 2 2 _aCatholic Church.
_bNational Conference of Catholic Bishops.
710 2 2 _aCatholic Church.
_bInternational Commission on English in the Liturgy.
810 2 _aCatholic Church.
_tRoman ritual (International Committee on English in the Liturgy)
951 _p28265
_x00030676
_oBX2035.6/F96
_j070613111446156
_d2000-12-21
_cREF
999 _c22851
_d22851